[Event "BL 1314 (Women)"]
[Site "Germany"]
[Date "2014.03.09"]
[Round "9.6"]
[White "Schulze, Lara"]
[Black "Glaser, Andrea"]
[Result "1/2-1/2"]
[WhiteElo "1785"]
[BlackElo "1980"]
[PlyCount "88"]
[EventDate "2013.10.04"]
[EventType "team-tourn"]
[EventRounds "11"]
[EventCountry "GER"]
[SourceTitle "EXT 2018"]
[Source "ChessBase"]
[SourceDate "2017.10.13"]
[SourceVersion "1"]
[SourceVersionDate "2017.10.13"]
[SourceQuality "1"]
[WhiteTeam "Lehrte (W)"]
[BlackTeam "Halle Volksbank (W)"]
[WhiteTeamCountry "GER"]
[BlackTeamCountry "GER"]

1. d4 d5 2. c4 Nf6 3. cxd5 Nxd5 4. e4 Nb6 5. Nc3 g6 6. Be3 Bg7 7. Bb5+ c6 8. Be2 0-0 9. Nf3 h6 10. Qd2 Kh7 11. Rd1 N8d7 12. Qc1 Nf6 13. Ne5 Be6 14. h3 Qc8 15. b4 Nbd7 16. Nd3 Bc4 17. Na4 Bxa2 18. Qc2 Be6 19. Nf4 Nb6 20. d5 cxd5 21. Qxc8 Nxc8 22. exd5 Bf5 23. Nc5 Nd6 24. g4 Be4 25. f3 g5 26. fxe4 gxf4 27. Bxf4 b6 28. e5 bxc5 29. exd6 exd6 30. Bxd6 Rfe8 31. bxc5 Ne4 32. Bd3 Kg8 33. Bxe4 Rxe4+ 34. Kf2 Bd4+ 35. Kf3 Rae8 36. Rd3 a5 37. c6 Bb6 38. c7 Rc4 39. Rb1 Bxc7 40. Bxc7 Rxc7 41. Rb6 Kg7 42. Ra6 Rc5 43. d6 Rd8 44. d7 Rc7 1/2-1/2

[Event "BL 1314 (Women)"]
[Site "Germany"]
[Date "2014.03.08"]
[Round "8.6"]
[White "Glaser, Andrea"]
[Black "Rogozenco, Teodora Nana"]
[Result "1/2-1/2"]
[WhiteElo "1980"]
[BlackElo "1884"]
[PlyCount "64"]
[EventDate "2013.10.04"]
[EventType "team-tourn"]
[EventRounds "11"]
[EventCountry "GER"]
[SourceTitle "EXT 2018"]
[Source "ChessBase"]
[SourceDate "2017.10.13"]
[SourceVersion "1"]
[SourceVersionDate "2017.10.13"]
[SourceQuality "1"]
[WhiteTeam "Halle Volksbank (W)"]
[BlackTeam "Hamburger SK (W)"]
[WhiteTeamCountry "GER"]
[BlackTeamCountry "GER"]

1. d4 Nf6 2. Nf3 g6 3. g3 Bg7 4. Bg2 0-0 5. 0-0 d6 6. c4 c6 7. Nc3 Qa5 8. e4 Bg4 9. h3 Bxf3 10. Qxf3 Nfd7 11. Rd1 Qb4 12. Qe2 Nb6 13. Bf1 c5 14. Nb5 Rc8 15. a3 Qb3 16. dxc5 Rxc5 17. Be3 Rc8 18. Bxb6 axb6 19. Nd4 Qa4 20. f4 Nc6 21. Nf3 Rd8 22. Rac1 e6 23. Kh2 Qa5 24. Bg2 Rac8 25. Rd2 b5 26. Rdc2 bxc4 27. Rxc4 Qb6 28. R1c2 Qb3 29. Nd2 Qb6 30. Nf3 Qb3 31. Nd2 Qb6 32. Nf3 Qb3 1/2-1/2

[Event "BL 1213 (Women)"]
[Site "Germany"]
[Date "2013.01.20"]
[Round "7.6"]
[White "Glaser, Andrea"]
[Black "Schott, Peggy"]
[Result "1-0"]
[WhiteElo "1979"]
[BlackElo "1808"]
[PlyCount "125"]
[EventDate "2012.10.06"]
[EventType "team-tourn"]
[EventRounds "11"]
[EventCountry "GER"]
[SourceTitle "EXT 2014"]
[Source "ChessBase"]
[SourceDate "2013.11.20"]
[SourceVersion "1"]
[SourceVersionDate "2013.11.20"]
[SourceQuality "1"]
[WhiteTeam "Halle Volksbank (W)"]
[BlackTeam "Guben (W)"]
[WhiteTeamCountry "GER"]
[BlackTeamCountry "GER"]

1. d4 f5 2. Nf3 e6 3. g3 Be7 4. Bg2 Nf6 5. c4 0-0 6. 0-0 d6 7. Nc3 a6 8. Qc2 Qe8 9. e4 Nc6 10. exf5 exf5 11. a3 h6 12. b4 Qf7 13. d5 Ne5 14. Qe2 Nxf3+ 15. Qxf3 Nd7 16. Qd3 Ne5 17. Qe2 Bf6 18. Bd2 Re8 19. f4 Ng6 20. Qd3 Bd7 21. Rac1 b6 22. Ne2 Rab8 23. Nd4 Bxd4+ 24. Qxd4 Qf6 25. Qxf6 gxf6 26. Bf3 Kg7 27. Kf2 Re7 28. Bc3 Rbe8 29. Bd4 Kf7 30. Rc3 Rb8 31. Rfc1 a5 32. Re3 Rxe3 33. Kxe3 axb4 34. axb4 Ra8 35. Ra1 Rxa1 36. Bxa1 Ne7 37. Bd4 Nc8 38. Kd3 Ke7 39. Kc3 Be8 40. Be2 Na7 41. Bd3 Bd7 42. Kb3 Kf7 43. Be3 h5 44. Be2 Kg6 45. c5 bxc5 46. bxc5 dxc5 47. Bxc5 Nc8 48. Kb4 Nd6 49. Bxd6 cxd6 50. Bb5 Bc8 51. Be8+ Kg7 52. Bxh5 Ba6 53. Ka5 Bf1 54. Bf3 Bh3 55. Kb6 Kf8 56. Kc7 Ke7 57. Kc6 Bf1 58. h4 Bd3 59. h5 Be4 60. Bd1 Bd3 61. h6 Kf7 62. Kxd6 Bb5 63. Kc7 1-0

[Event "BL 1112 (Women)"]
[Site "Germany"]
[Date "2012.04.22"]
[Round "11.6"]
[White "Glaser, Andrea"]
[Black "Brendel, Bergit"]
[Result "1-0"]
[WhiteElo "1973"]
[BlackElo "2119"]
[PlyCount "55"]
[EventDate "2011.10.29"]
[EventType "team-tourn"]
[EventRounds "11"]
[EventCountry "GER"]
[SourceTitle "EXT 2013"]
[Source "ChessBase"]
[SourceDate "2012.11.22"]
[SourceVersion "1"]
[SourceVersionDate "2012.11.22"]
[SourceQuality "1"]
[WhiteTeam "Halle Volksbank (W)"]
[BlackTeam "Karlsruhe (W)"]
[WhiteTeamCountry "GER"]
[BlackTeamCountry "GER"]

1. d4 d5 2. Nf3 Bg4 3. g3 Nc6 4. Bg2 Nf6 5. 0-0 e6 6. c3 Bd6 7. Nbd2 Qd7 8. Re1 0-0-0 9. e4 dxe4 10. Nxe4 Nxe4 11. Rxe4 f5 12. Re1 f4 13. Qb3 Na5 14. Qc2 Qf7 15. Bxf4 Bxf4 16. gxf4 Bxf3 17. Bxf3 Qxf4 18. Qe4 Qxe4 19. Rxe4 Rd6 20. Bg4 b5 21. d5 Kd8 22. dxe6 Ke7 23. Re5 a6 24. a4 Nc6 25. Rc5 h5 26. Bf3 Na5 27. Rxc7+ Kxe6 28. axb5 1-0

[Event "Oberliga Ost-A 0708"]
[Site "Germany"]
[Date "2008.03.09"]
[Round "8.8"]
[White "Glaser, Andrea"]
[Black "Braeuer, Franz"]
[Result "0-1"]
[WhiteElo "2004"]
[BlackElo "1919"]
[PlyCount "94"]
[EventDate "2007.09.23"]
[EventType "team-tourn"]
[EventRounds "11"]
[EventCountry "GER"]
[SourceTitle "EXT 2009"]
[Source "ChessBase"]
[SourceDate "2008.11.26"]
[SourceVersion "1"]
[SourceVersionDate "2008.11.26"]
[SourceQuality "1"]
[WhiteTeam "Halle USV II"]
[BlackTeam "Jena Jenapharm"]
[WhiteTeamCountry "GER"]
[BlackTeamCountry "GER"]

1. d4 d5 2. Nf3 Nf6 3. g3 Bf5 4. Bg2 Nbd7 5. 0-0 h6 6. c4 e6 7. Nc3 c6 8. cxd5 exd5 9. Re1 Be7 10. a3 0-0 11. b4 Ne4 12. Nxe4 Bxe4 13. Bf4 Nb6 14. Ne5 Bxg2 15. Kxg2 Bd6 16. Qb3 Qc7 17. Nd3 Nc4 18. Rac1 a6 19. Bxd6 Qxd6 20. Nc5 b6 21. Nd3 Rfe8 22. Qc3 a5 23. Ne5 axb4 24. axb4 b5 25. Ra1 Rxa1 26. Rxa1 Nxe5 27. dxe5 Rxe5 28. Ra8+ Kh7 29. Ra6 Re6 30. e3 d4 31. exd4 Qd5+ 32. Kg1 Rd6 33. h4 Qxd4 34. Qc2+ g6 35. Rxc6 Rxc6 36. Qxc6 Qxb4 37. Qf6 Qb1+ 38. Kg2 Qf5 39. Qb6 h5 40. Qb7 Kg7 41. Qe7 Qe6 42. Qb4 Qc4 43. Qe7 Qc3 44. f4 b4 45. f5 b3 46. fxg6 Qc6+ 47. Kh3 Qh1# 0-1

[Event "BL 0708 (Women)"]
[Site "Germany"]
[Date "2007.11.10"]
[Round "1.5"]
[White "Schulz, Petra"]
[Black "Glaser, Andrea"]
[Result "1-0"]
[WhiteElo "2121"]
[BlackElo "2004"]
[PlyCount "109"]
[EventDate "2007.11.10"]
[EventType "team-tourn"]
[EventRounds "11"]
[EventCountry "GER"]
[SourceTitle "EXT 2009"]
[Source "ChessBase"]
[SourceDate "2008.11.26"]
[SourceVersion "1"]
[SourceVersionDate "2008.11.26"]
[SourceQuality "1"]
[WhiteTeam "Leipzig WBA (W)"]
[BlackTeam "Halle (W)"]
[WhiteTeamCountry "GER"]
[BlackTeamCountry "GER"]

1. e4 c5 2. c3 d5 3. exd5 Qxd5 4. d4 Nc6 5. Nf3 Nf6 6. dxc5 Qxc5 7. Na3 a6 8. Be3 Qd5 9. Nc4 Bg4 10. Nb6 Qxd1+ 11. Rxd1 Rd8 12. Rxd8+ Kxd8 13. Be2 e6 14. h3 Bh5 15. 0-0 Bd6 16. Rd1 Ke7 17. Nc4 Ne4 18. g4 Bg6 19. Nh4 Bc7 20. Bf3 Nf6 21. Bc5+ Ke8 22. Nxg6 hxg6 23. Kg2 Nd7 24. Bd6 Bd8 25. Ba3 Bc7 26. Nd6+ Bxd6 27. Rxd6 Nde5 28. Bxc6+ Nxc6 29. b3 e5 30. Bc5 Rh6 31. Be3 Rh8 32. Bc5 Rh6 33. Rd5 f6 34. b4 Rh8 35. a4 f5 36. b5 axb5 37. axb5 Nd8 38. Rxe5+ Kf7 39. Re7+ Kf6 40. f4 fxg4 41. hxg4 Ne6 42. g5+ Kf5 43. Kg3 Rd8 44. Bd4 Rd5 45. b6 Rb5 46. Kf3 Nd8 47. Rxg7 Rd5 48. Re7 Rb5 49. Rd7 Nc6 50. Rf7+ Ke6 51. Rf6+ Kd5 52. Rxg6 Nxd4+ 53. cxd4 Kxd4 54. Re6 Rb1 55. Kg4 1-0

[Event "Oberliga Ost-A 0708"]
[Site "Germany"]
[Date "2007.09.23"]
[Round "1.7"]
[White "Luther, Juergen"]
[Black "Glaser, Andrea"]
[Result "1-0"]
[WhiteElo "2184"]
[BlackElo "2004"]
[PlyCount "37"]
[EventDate "2007.09.23"]
[EventType "team-tourn"]
[EventRounds "11"]
[EventCountry "GER"]
[SourceTitle "EXT 2009"]
[Source "ChessBase"]
[SourceDate "2008.11.26"]
[SourceVersion "1"]
[SourceVersionDate "2008.11.26"]
[SourceQuality "1"]
[WhiteTeam "Halle USV"]
[BlackTeam "Halle USV II"]
[WhiteTeamCountry "GER"]
[BlackTeamCountry "GER"]

1. d4 Nf6 2. Nc3 d5 3. Bg5 Bf5 4. f3 Nc6 5. e3 a6 6. a3 h6 7. Bh4 e6 8. Bd3 Bxd3 9. Qxd3 Be7 10. Nge2 0-0 11. 0-0 Nh5 12. Bxe7 Qxe7 13. g4 Nf6 14. Ng3 Rad8 15. h3 e5 16. Nf5 Qe6 17. Na4 e4 18. Qc3 b6 19. Qxc6 1-0

[Event "GER-chT Federal Cup (Women)"]
[Site "Germany"]
[Date "2007.??.??"]
[Round "3"]
[White "Glaser, Andrea"]
[Black "Lange, Corinna"]
[Result "1/2-1/2"]
[WhiteElo "1970"]
[BlackElo "2090"]
[PlyCount "62"]
[EventDate "2007.06.??"]
[EventType "team-swiss"]
[EventRounds "5"]
[EventCountry "GER"]
[SourceTitle "EXT 2008"]
[Source "ChessBase"]
[SourceDate "2007.11.25"]
[SourceVersion "1"]
[SourceVersionDate "2007.11.25"]
[SourceQuality "1"]
[WhiteTeam "Sachsen Anhalt"]
[BlackTeam "Thueringen"]
[WhiteTeamCountry "GER"]
[BlackTeamCountry "GER"]

1. d4 e6 2. Nf3 f5 3. g3 b6 4. Bg2 Bb7 5. c4 Nf6 6. 0-0 Be7 7. Nc3 0-0 8. a3 a5 9. d5 Na6 10. dxe6 dxe6 11. Bf4 Bd6 12. Be5 Qe7 13. Qc2 Nc5 14. Rad1 Rfd8 15. Nb5 Ng4 16. Bxd6 cxd6 17. h3 Nf6 18. Nfd4 Bxg2 19. Kxg2 Rac8 20. b4 axb4 21. axb4 Na6 22. Qb3 d5 23. cxd5 Nxd5 24. f3 Qxb4 25. Kf2 Qxb3 26. Nxb3 e5 27. Rc1 Nab4 28. Rxc8 Rxc8 29. Rc1 Rxc1 30. Nxc1 Kf7 31. e4 fxe4 1/2-1/2

[Event "Oberliga Ost-A 0506"]
[Site "Germany"]
[Date "2006.02.19"]
[Round "8.7"]
[White "Tydecks, Hermann"]
[Black "Glaser, Andrea"]
[Result "1-0"]
[WhiteElo "2200"]
[BlackElo "1968"]
[PlyCount "89"]
[EventDate "2005.11.13"]
[EventType "team-tourn"]
[EventRounds "11"]
[EventCountry "GER"]
[SourceTitle "EXT 2007"]
[Source "ChessBase"]
[SourceDate "2006.11.23"]
[SourceVersion "1"]
[SourceVersionDate "2006.11.23"]
[SourceQuality "1"]
[WhiteTeam "Dresden"]
[BlackTeam "Halle USV II"]
[WhiteTeamCountry "GER"]
[BlackTeamCountry "GER"]

1. e4 c5 2. c3 d5 3. exd5 Qxd5 4. d4 Nf6 5. Nf3 Bg4 6. Be2 cxd4 7. cxd4 e6 8. Nc3 Bb4 9. 0-0 Qa5 10. Qb3 Nc6 11. Be3 Qc7 12. h3 Bh5 13. Rfd1 0-0 14. d5 exd5 15. Nxd5 Nxd5 16. Rxd5 Bg6 17. Rc1 Qe7 18. Rb5 a6 19. Rb6 Rfb8 20. a3 Bd6 21. Kf1 Be4 22. Ng5 Bf5 23. Bc4 Bg6 24. Rd1 h6 25. Nxf7 Bxf7 26. Bxf7+ Qxf7 27. Qxf7+ Kxf7 28. Rxd6 Ke7 29. Bc5 Ke8 30. b4 a5 31. b5 Nd8 32. Rd5 Rc8 33. Re5+ Kf7 34. Rf5+ Kg8 35. Rf8+ Kh7 36. Bd4 a4 37. Rd6 b6 38. Bxb6 Nb7 39. Rxc8 Rxc8 40. Rc6 Re8 41. Be3 Na5 42. Ra6 Nc4 43. Rxa4 Nxe3+ 44. fxe3 Rxe3 45. b6 1-0

[Event "Oberliga Ost-A 0506"]
[Site "Germany"]
[Date "2006.01.29"]
[Round "7.5"]
[White "Glaser, Andrea"]
[Black "Roemling, Sven"]
[Result "1/2-1/2"]
[WhiteElo "1968"]
[BlackElo "2201"]
[PlyCount "134"]
[EventDate "2005.11.13"]
[EventType "team-tourn"]
[EventRounds "11"]
[EventCountry "GER"]
[SourceTitle "EXT 2007"]
[Source "ChessBase"]
[SourceDate "2006.11.23"]
[SourceVersion "1"]
[SourceVersionDate "2006.11.23"]
[SourceQuality "1"]
[WhiteTeam "Halle USV II"]
[BlackTeam "Leipzig Lok Mitte II"]
[WhiteTeamCountry "GER"]
[BlackTeamCountry "GER"]

1. d4 Nf6 2. Nf3 e6 3. g3 c5 4. c4 cxd4 5. Nxd4 Be7 6. Bg2 0-0 7. e4 d6 8. 0-0 a6 9. b3 Qc7 10. Bb2 Bd7 11. Nd2 Nc6 12. Qe2 Rac8 13. Kh1 Rfe8 14. f4 Nxd4 15. Bxd4 e5 16. Bb2 exf4 17. Rxf4 b5 18. Rc1 Qa5 19. a3 bxc4 20. Nxc4 Qb5 21. Qd1 Rc6 22. Bxf6 gxf6 23. Qf3 Rb8 24. Rd1 Be6 25. Bf1 Rc5 26. Nxd6 Qxb3 27. Rd3 Bxd6 28. Rxd6 Rc3 29. Qe2 Qxa3 30. Rxa6 Qb2 31. Qxb2 Rxb2 32. Ra1 Rcc2 33. Rh4 f5 34. Bd3 Rd2 35. exf5 Bd5+ 36. Be4 Bxe4+ 37. Rxe4 Rxh2+ 38. Kg1 Rbg2+ 39. Kf1 Rxg3 40. Ra8+ Kg7 41. Rf4 Kf6 42. Rf8 Ra3 43. Kg1 Raa2 44. Rf3 h5 45. Rg8 Rh4 46. Rh8 Rg4+ 47. Kf1 Rb4 48. Kg1 Rb1+ 49. Rf1 Rxf1+ 50. Kxf1 Kg5 51. Rh7 f6 52. Rh8 Ra5 53. Kg2 Rxf5 54. Kg3 Ra5 55. Rg8+ Kf5 56. Kh4 Ra4+ 57. Kh3 Rg4 58. Rh8 Kg5 59. Rg8+ Kf4 60. Rf8 f5 61. Ra8 Rg3+ 62. Kh4 Rg7 63. Ra4+ Kf3 64. Ra3+ Kg2 65. Ra2+ Kh1 66. Rf2 Rg2 67. Rf1+ Kh2 1/2-1/2

[Event "BL 0405 (Women)"]
[Site "Germany"]
[Date "2005.04.24"]
[Round "11.5"]
[White "Glaser, Andrea"]
[Black "Beltz, Franziska"]
[Result "1-0"]
[WhiteElo "1924"]
[BlackElo "2036"]
[PlyCount "89"]
[EventDate "2004.11.06"]
[EventType "team-tourn"]
[EventRounds "11"]
[EventCountry "GER"]
[SourceTitle "EXT 2006"]
[Source "ChessBase"]
[SourceDate "2005.11.24"]
[SourceVersion "1"]
[SourceVersionDate "2005.11.24"]
[SourceQuality "1"]
[WhiteTeam "Halle (W)"]
[BlackTeam "Leipzig Gohlis (W)"]
[WhiteTeamCountry "GER"]
[BlackTeamCountry "GER"]

1. d4 f5 2. Nf3 e6 3. g3 Nf6 4. Bg2 d5 5. 0-0 Bd6 6. c4 c6 7. Nc3 0-0 8. Qc2 Qe8 9. Rb1 Ne4 10. b4 a6 11. a4 b5 12. cxb5 cxb5 13. axb5 axb5 14. Bf4 Bxf4 15. gxf4 Qc6 16. Rfc1 Nd6 17. Ne5 Qb7 18. Ra1 Bd7 19. Nd3 Na6 20. Nc5 Qc6 21. Nxd7 Qxd7 22. Nxd5 Rac8 23. Qa2 Nb8 24. Nb6 Rxc1+ 25. Rxc1 Qe7 26. d5 e5 27. fxe5 Qxe5 28. Rc7 Qd4 29. Qa7 Qd1+ 30. Bf1 Qd4 31. Nd7 Qg4+ 32. Bg2 Nxd7 33. Rxd7 Ne4 34. f3 Qg5 35. fxe4 Qc1+ 36. Bf1 Qg5+ 37. Bg2 Qc1+ 38. Bf1 Qg5+ 39. Kh1 fxe4 40. Qg1 Qf6 41. Bh3 Qe5 42. Be6+ Kh8 43. Rf7 Ra8 44. Qf1 Qd6 45. Rxg7 1-0

[Event "Solingen-ch"]
[Site "Solingen"]
[Date "2004.05.30"]
[Round "4"]
[White "Nikula, Reiner"]
[Black "Glaser, Andrea"]
[Result "1-0"]
[WhiteElo "2333"]
[BlackElo "1912"]
[PlyCount "77"]
[EventDate "2004.05.28"]
[EventType "swiss"]
[EventRounds "7"]
[EventCountry "GER"]
[SourceTitle "CBM 100 Extra"]
[Source "ChessBase"]
[SourceDate "2004.07.06"]
[SourceVersion "2"]
[SourceVersionDate "2004.07.06"]
[SourceQuality "1"]

1. e4 d5 2. exd5 Nf6 3. d4 Nxd5 4. Nf3 Bg4 5. Be2 e6 6. 0-0 Be7 7. h3 Bxf3 8. Bxf3 c6 9. c4 Nf6 10. Nc3 0-0 11. Be3 a5 12. Rc1 Na6 13. Qb3 Rb8 14. Rfd1 Qc7 15. d5 Nc5 16. Qc2 e5 17. Bg5 Rbd8 18. Bxf6 Bxf6 19. Qf5 Rd6 20. dxc6 bxc6 21. Rxd6 Qxd6 22. Rd1 Qb8 23. Ne4 Be7 24. Nxc5 Bxc5 25. Bxc6 Qxb2 26. Rd5 Bd4 27. Rd7 g6 28. Qf3 Qxa2 29. Bd5 Qb1+ 30. Kh2 Qf5 31. Qxf5 gxf5 32. f4 a4 33. c5 e4 34. c6 e3 35. c7 Bf6 36. Rxf7 Rxf7 37. c8Q+ Kg7 38. Bxf7 Kxf7 39. Qd7+ 1-0

[Event "Solingen-ch"]
[Site "Solingen"]
[Date "2004.05.29"]
[Round "2"]
[White "Goerke, Joachim"]
[Black "Glaser, Andrea"]
[Result "1-0"]
[WhiteElo "2136"]
[BlackElo "1912"]
[PlyCount "39"]
[EventDate "2004.05.28"]
[EventType "swiss"]
[EventRounds "7"]
[EventCountry "GER"]
[SourceTitle "CBM 100 Extra"]
[Source "ChessBase"]
[SourceDate "2004.07.06"]
[SourceVersion "2"]
[SourceVersionDate "2004.07.06"]
[SourceQuality "1"]

1. d4 d5 2. c4 c6 3. e3 Nf6 4. Nc3 e6 5. Nf3 Nbd7 6. Bd3 dxc4 7. Bxc4 b5 8. Bd3 Bb7 9. e4 a6 10. e5 Nd5 11. Nxd5 exd5 12. 0-0 Be7 13. Bc2 c5 14. e6 fxe6 15. Re1 Nf8 16. Ne5 g6 17. Qf3 Bf6 18. Bg5 Nd7 19. Nxd7 Bxg5 20. Nxc5 1-0

[Event "Solingen-ch"]
[Site "Solingen"]
[Date "2004.05.28"]
[Round "1"]
[White "Glaser, Andrea"]
[Black "Schlawin, Marlon"]
[Result "1-0"]
[WhiteElo "1912"]
[BlackElo "2312"]
[PlyCount "55"]
[EventDate "2004.05.28"]
[EventType "swiss"]
[EventRounds "7"]
[EventCountry "GER"]
[SourceTitle "CBM 100 Extra"]
[Source "ChessBase"]
[SourceDate "2004.07.06"]
[SourceVersion "2"]
[SourceVersionDate "2004.07.06"]
[SourceQuality "1"]

1. d4 Nf6 2. e3 g6 3. Bc4 Bg7 4. Nc3 d5 5. Bb3 e6 6. Nf3 b6 7. 0-0 Ba6 8. Re1 0-0 9. e4 Bc4 10. Bxc4 dxc4 11. Qe2 Nc6 12. Qxc4 Qd7 13. Bg5 Nh5 14. Rad1 Rfd8 15. Bxd8 Rxd8 16. g3 Nxd4 17. Nxd4 Bxd4 18. Ne2 Bxf2+ 19. Kxf2 Qxd1 20. Rxd1 Rxd1 21. Qxc7 Rd2 22. Qc8+ Kg7 23. Qc3+ Nf6 24. Kf3 Rd7 25. g4 g5 26. h4 h6 27. Ng3 gxh4 28. Nh5+ 1-0

[Event "GER-chT Federal Cup (Women)"]
[Site "Naumburg"]
[Date "2003.04.04"]
[Round "3"]
[White "Platzek, Janine"]
[Black "Glaser, Andrea"]
[Result "1/2-1/2"]
[WhiteElo "1634"]
[BlackElo "2004"]
[PlyCount "40"]
[EventDate "2003.04.??"]
[EventType "team-swiss"]
[EventRounds "5"]
[EventCountry "GER"]
[SourceTitle "EXT 2004"]
[Source "ChessBase"]
[SourceDate "2003.11.25"]
[SourceVersion "1"]
[SourceVersionDate "2003.11.25"]
[SourceQuality "1"]

1. e4 c5 2. Nf3 e6 3. d4 cxd4 4. Nxd4 a6 5. c4 Qc7 6. Nc3 Nf6 7. Be2 Be7 8. 0-0 d6 9. Be3 Nbd7 10. f4 b6 11. f5 e5 12. Nb3 Bb7 13. Qd3 Nc5 14. Nxc5 bxc5 15. Rad1 Bc6 16. b3 Qb7 17. Bf3 h6 18. Bc1 Qb4 19. Bd2 Qb7 20. Rde1 Rb8 1/2-1/2

[Event "EU-Cup (Women) 05th"]
[Site "Halle"]
[Date "2000.09.24"]
[Round "1.4"]
[White "Chelushkina, Irina"]
[Black "Glaser, Andrea"]
[Result "1-0"]
[WhiteElo "2415"]
[BlackElo "2011"]
[PlyCount "85"]
[EventDate "2000.09.24"]
[EventType "team-swiss"]
[EventRounds "7"]
[EventCountry "GER"]
[SourceTitle "EXT 2013"]
[Source "ChessBase"]
[SourceDate "2012.11.22"]
[SourceVersion "1"]
[SourceVersionDate "2012.11.22"]
[SourceQuality "1"]
[WhiteTeam "Belgrade Agrouniverzal (W)"]
[BlackTeam "Halle USV (W)"]
[WhiteTeamCountry "YUG"]
[BlackTeamCountry "GER"]

1. g3 d5 2. Bg2 Nf6 3. Nf3 g6 4. 0-0 Bg7 5. c3 0-0 6. a4 c5 7. d4 cxd4 8. Nxd4 h6 9. Na3 e5 10. Nb3 Nc6 11. Be3 Re8 12. a5 Bf5 13. Nb5 Ne4 14. Nc5 Rb8 15. Nxe4 Bxe4 16. Bxe4 dxe4 17. Nxa7 Qf6 18. Nxc6 Qxc6 19. Qa4 Qxa4 20. Rxa4 f5 21. Bb6 Bf6 22. Rd1 Kf7 23. c4 Bg5 24. Kg2 Rbc8 25. c5 Bf6 26. Rc4 Re6 27. b4 Ke8 28. Rc2 Bd8 29. Rcd2 Bxb6 30. axb6 Kf7 31. Rd7+ Re7 32. R1d6 Rg8 33. e3 h5 34. h4 g5 35. hxg5 Rxg5 36. Rd5 Rg8 37. Rxe7+ Kxe7 38. Rxe5+ Kf6 39. Rd5 Rg7 40. b5 h4 41. c6 bxc6 42. bxc6 Ke6 43. c7 1-0

[Event "BL2 Ost 0001 (Women)"]
[Site "Germany"]
[Date "2000.??.??"]
[Round "?"]
[White "Nuenchert, Eveline"]
[Black "Glaser, Andrea"]
[Result "1-0"]
[WhiteElo "2233"]
[BlackElo "2011"]
[PlyCount "81"]
[EventDate "2000.??.??"]
[EventType "team-tourn"]
[EventRounds "7"]
[EventCountry "GER"]
[SourceTitle "EXT 2002"]
[Source "ChessBase"]
[SourceDate "2001.11.25"]
[SourceVersion "1"]
[SourceVersionDate "2001.11.25"]
[SourceQuality "1"]

1. e4 c5 2. Nf3 e6 3. d4 cxd4 4. Nxd4 a6 5. a3 Qc7 6. Nc3 Nf6 7. g3 Nc6 8. Bg2 Be7 9. 0-0 0-0 10. Kh1 d6 11. f4 Rb8 12. Nb3 b5 13. g4 g6 14. Be3 Rd8 15. Qf3 Bb7 16. g5 Nd7 17. Qh3 Bf8 18. f5 exf5 19. Nd5 Qc8 20. exf5 Nce5 21. fxg6 hxg6 22. Bd4 Bxd5 23. Bxd5 Bg7 24. Qg2 Rf8 25. Ba7 Nc4 26. c3 Nde5 27. Rae1 Ra8 28. Bd4 Rb8 29. Re4 Nb6 30. Bxb6 Rxb6 31. Nd4 Rb8 32. Ref4 Qc7 33. Nc6 Nxc6 34. Rxf7 Rxf7 35. Rxf7 Qxf7 36. Bxf7+ Kxf7 37. Qxc6 Re8 38. Qd5+ Ke7 39. Kg2 Be5 40. Qb7+ Ke6 41. Qh7 1-0